Statistics for 100 Biggest Cities in Africa - with a Map

Click here to take the quiz!

General Stats

  • This quiz has been taken 532 times
  • The average score is 57 of 100

Answer Stats

Population City % Correct
121,000,000Cairo
99%
95,800,000Alexandria
97%
134,475,000Casablanca
97%
262,675,000Tunis
97%
153,975,000Algiers
96%
382,050,000Rabat
96%
313,900,000Johannesburg
96%
219,400,000Lagos
95%
144,225,000Cape Town
95%
412,400,000Kinshasa
94%
561,250,000Tripoli
94%
76,300,000Khartoum
93%
163,800,000Addis Ababa
93%
173,725,000Dakar
93%
85,900,000Nairobi
92%
411,940,000Mogadishu
91%
58,150,000Luanda
90%
115,100,000Accra
89%
66,450,000Dar es Salaam
88%
511,340,000Antananarivo
87%
100604,000Djibouti City
87%
461,590,000Monrovia
86%
193,525,000Kampala
85%
213,525,000Abuja
85%
322,250,000Brazzaville
84%
372,050,000Harare
83%
441,790,000Freetown
83%
312,275,000Maputo
82%
272,675,000Lusaka
81%
203,525,000Bamako
81%
233,425,000Durban
81%
541,270,000Fez
80%
83896,000Asmara
80%
531,300,000Niamey
79%
651,180,000Kigali
79%
223,450,000Yaoundé
79%
105,600,000Abidjan
79%
282,625,000Ouagadougou
78%
292,525,000Conakry
78%
551,270,000Nouakchott
77%
701,120,000Marrakech
75%
96704,000Libreville
75%
91747,000Bloemfontein
74%
491,410,000N'Djamena
73%
751,060,000Lilongwe
73%
352,100,000Lomé
72%
501,350,000Port Elizabeth
72%
591,220,000Mombasa
71%
631,190,000Bangui
71%
811,000,000Banjul
70%
124,700,000Kano
69%
711,110,000Benghazi
68%
481,480,000Oran
63%
721,110,000Tangier
62%
471,500,000Bujumbura
59%
183,575,000Ibadan
55%
243,375,000Douala
55%
92741,000Suez
53%
89760,000Port Said
49%
302,350,000Port Harcourt
49%
451,650,000Benin City
48%
431,830,000Cotonou
48%
641,190,000Agadir
46%
332,200,000Lubumbashi
44%
253,025,000Kumasi
41%
90755,000East London
36%
691,140,000Sousse
35%
362,075,000Mbuji-Mayi
33%
88801,000Blantyre
33%
342,100,000Hargeisa
32%
402,000,000Goma
29%
661,180,000Pointe-Noire
28%
601,210,000Bulawayo
28%
93719,000Cabinda
26%
671,160,000Kisangani
25%
421,880,000Kaduna
25%
681,150,000Aba
24%
621,200,000Onitsha
22%
761,030,000Bobo-Dioulasso
22%
611,210,000Maiduguri
20%
97700,000Gonder
20%
95706,000Mwanza
20%
581,230,000Kananga
18%
771,020,000Jos
18%
99663,000Nampula
17%
85844,000Huambo
17%
781,000,000Warri
16%
84871,000Bukavu
16%
521,330,000Kisumu
16%
87815,000Sokoto
15%
731,080,000Touba
15%
791,000,000Enugu
15%
571,250,000Benguela
14%
98681,000Bouaké
14%
741,070,000Ilorin
14%
94715,000Kitwe
13%
801,000,000Zaria
13%
82904,000Lubango
12%
392,000,000Bamenda
9%
86820,000Oshogbo
7%

Score Distribution

Percentile by Number Answered

Percent of People with Each Score

Your Score History

You have not taken this quiz